000 00301nam a2200157Ia 4500
100 _aKani/Nagoor A
650 _aDSP
250 _a2
942 _cBK
366 _f20
245 _aDigital signal processing
260 _bMc Graw Hill
_c2012
082 _bKAN
546 _aENGLISH
999 _c24173
_d24173